[Event "Australian-ch 2018"]
[Site "Sydney"]
[Date "2018.01.03"]
[Round "1"]
[White "Cheng, Bobby"]
[Black "Loh, Zachary"]
[Result "1-0"]
[WhiteElo "2504"]
[BlackElo "2193"]
[Annotator "TA"]
[PlyCount "49"]
[EventDate "2018.01.02"]
[EventType "tourn"]
[EventCountry "AUS"]
[SourceTitle "playchess.com"]
[Source "ChessBase"]
[SourceQuality "1"]

{[%evp 9,49,68,70,76,79,75,81,69,80,77,76,42,72,79,130,119,119,119,119,118,129,130,117,66,217,193,249,248,793,789,997,323,489,354,344,344,316,289,534,534,532,532]} 1. b3 e5 2. Bb2 Nc6 3. Nf3 d6 4. e3 {[%cal Be2e3,Be3d4,Bd4d5][%mdl 32]} f5 5. d4 exd4 (5... e4 6. d5 Nce7 7. Ng5 Nxd5 8. Bb5+ c6 9. Qxd5 Nh6 10. Ne6 Qd7 11. Nxf8 Rxf8 12. Qd4 cxb5 13. Qxg7 {1-0 (31) Petrosian,T (2636)-Grigoryan,A (2621) Yerevan 2012}) 6. exd4 {A01: Nimzowitsch-Larsen Opening} Nf6 7. d5 Ne5 $146 ({Predecessor:} 7... Qe7+ 8. Be2 Ne5 9. O-O g6 10. Re1 Bg7 11. Nxe5 dxe5 12. Bxe5 {1-0 (28) San Emeterio Cabanes,J (2401)-Arance Gonzales,L (2082) La Roda 2005}) 8. Bb5+ {White is better.} Bd7 9. Bxd7+ Qxd7 10. O-O {[%cal Bh1f1,Bf1e1,Be1e6][%mdl 32]} Nxf3+ 11. Qxf3 O-O-O (11... Be7 $142) 12. Bxf6 gxf6 13. Re1 Bh6 14. Re6 Rhg8 15. Nc3 Qg7 16. h3 (16. Nb5 $16) 16... Qg5 $2 {[#]} (16... Bf4 $1 $14) 17. Rae1 Rg7 (17... Qf4 $142 18. Qd3 Qg5) 18. Nb5 Rdg8 $2 (18... Qg6 19. Nxa7+ Kb8) 19. g3 $18 Qf4 20. Kg2 $2 {[#]} (20. Qc3) 20... a6 (20... Qxf3+ $142 21. Kxf3 Bd2) 21. Qxf4 Bxf4 22. Nd4 Bxg3 23. Nxf5 Bxf2+ $2 (23... Be5+ {was called for.} 24. Nxg7 Rxg7+ 25. Kf3 Kd7) 24. Kxf2 Rg2+ 25. Kf3 {Precision: White = 72%, Black = 30%.} 1-0

[Event "Australian-ch 2018"]
[Site "Sydney"]
[Date "2018.01.03"]
[Round "1"]
[White "Izzat, Kanan"]
[Black "McNamara, Gary"]
[Result "1-0"]
[WhiteElo "2487"]
[BlackElo "2134"]
[Annotator "TA"]
[PlyCount "117"]
[EventDate "2018.01.02"]
[EventType "tourn"]
[EventCountry "AUS"]
[SourceTitle "playchess.com"]
[Source "ChessBase"]
[SourceQuality "1"]

{[%evp 9,117,19,21,19,10,13,9,-12,-21,-58,-49,-48,-45,-65,-77,-99,-87,-95,-90,-111,-79,-94,-53,-50,-48,-35,-20,-24,-20,-17,-24,-22,-24,-14,-23,-23,-23,-50,-37,-35,-22,-64,-13,-8,0,0,0,14,20,0,0,0,0,0,0,0,16,14,9,14,27,8,33,19,79,79,103,91,90,82,141,131,138,131,128,0,0,0,0,0,0,0,0,0,8,8,8,8,8,12,12,14,67,67,73,19,22,22,25,36,83,87,87,87,437,437,242,158,29985,29986]} 1. d4 {[%cal Bd2d4,Bd4d5][%mdl 32]} Nf6 2. c4 e6 3. Nc3 Bb4 4. f3 Nc6 5. e4 e5 (5... d5 6. cxd5 exd5 7. e5 Ng8 8. Be3 Nge7 9. f4 O-O 10. Nf3 Na5 11. Bd3 Nc4 12. Qe2 Nxe3 13. Qxe3 {½-½ (67) Timofeev,A (2640)-Kovalenko,I (2611) Vladivostok 2012}) 6. d5 {E20: Nimzo-Indian: 4 g3 and 4 f3} Bxc3+ 7. bxc3 Na5 8. Ba3 {The position is equal.} b6 9. c5 $146 ({Predecessor:} 9. Bd3 d6 10. Kf2 O-O 11. Ne2 Ba6 12. Ng3 Bxc4 13. Nf5 {½-½ (96) Boulton,W (1990)-Tunks,D (1945) Hinckley Island 2008}) 9... Nb7 $1 ({Avoid the trap} 9... Nxe4 $2 10. fxe4 Qh4+ 11. g3 $18) 10. cxb6 axb6 11. Qb3 d6 12. Ne2 Nd7 13. Bb4 Ndc5 14. Qc2 Qg5 15. Ng3 Bd7 16. Be2 g6 17. O-O O-O 18. c4 f5 19. exf5 Bxf5 20. Nxf5 Qxf5 21. Qc3 Na4 22. Qd2 Qf4 23. g3 Qxd2 24. Bxd2 Nac5 25. f4 e4 (25... exf4 $15 26. Bxf4 Nd8) 26. Bb4 $11 Ra4 27. a3 Ra7 28. Kf2 Rfa8 29. Ke3 Na6 30. Bc3 Nac5 31. Bb4 Na6 32. Rab1 Nxb4 33. axb4 Ra3+ 34. Kf2 Nd8 35. Rfe1 Ra2 36. Kg1 Rc2 (36... Nf7 $11) 37. Bf1 $16 Nf7 38. Rxe4 Nh6 {[#]} 39. Rbe1 $1 Nf5 (39... Kf8 $142) 40. Re8+ Rxe8 41. Rxe8+ {[%mdl 4096] Endgame KRB-KRN} Kf7 42. Re4 (42. Rc8 $16) 42... h5 $11 43. Bd3 Rd2 44. Be2 Nd4 45. Kf2 Nxe2 46. Rxe2 {KR-KR} Rd4 47. Rc2 Rd3 48. Ke2 Rb3 49. c5 bxc5 50. bxc5 dxc5 ({Better is} 50... h4 $11) 51. Rxc5 $14 Rb2+ 52. Kf3 ({White should try} 52. Ke3 $16) 52... Rxh2 $11 53. Rxc7+ Kf6 54. Rc6+ Kf7 55. Rc3 h4 56. Rc7+ Kf8 $2 {[%mdl 8192]} (56... Kf6 $16) 57. gxh4 $18 Rxh4 58. d6 {White wants to mate with Rc8+.} Rh1 $2 {[#]} (58... Rh3+ $16 59. Ke4 Ke8) 59. Rc8+ {Precision: White = 68%, Black = 61%.} 1-0

[Event "Australian-ch 2018"]
[Site "Sydney"]
[Date "2018.01.03"]
[Round "1"]
[White "Morris, James"]
[Black "Wright, Neil S"]
[Result "1-0"]
[WhiteElo "2477"]
[BlackElo "2126"]
[Annotator "TA"]
[PlyCount "53"]
[EventDate "2018.01.02"]
[EventType "tourn"]
[EventCountry "AUS"]
[SourceTitle "playchess.com"]
[Source "ChessBase"]
[SourceQuality "1"]

{[%evp 14,53,11,-6,0,0,14,4,10,8,31,13,7,20,15,8,8,19,28,25,22,-11,-20,-30,18,21,60,77,59,51,89,93,108,34,21,30,36,64,369,369,909,915]} 1. e4 c5 2. Nf3 d6 3. Nc3 Nc6 4. g3 e5 5. Bg2 Nf6 6. d3 Be7 7. O-O O-O 8. h3 {LiveBook: 12 Games. A04: Unusual lines after 1 Nf3 and King's Indian Attack} (8. Kh1 Bd7 9. Ng1 Nd4 10. f4 exf4 11. gxf4 Bc6 12. Nce2 Nxe2 13. Nxe2 Re8 14. c4 b5 15. b3 Rb8 {1-0 (39) Aronian,L (2793)-Karjakin,S (2781) Stavanger 2017}) 8... Rb8 9. a4 a6 10. Nd5 {The position is equal.} Nxd5 11. exd5 Nb4 $146 ({Predecessor:} 11... Na7 12. a5 f5 13. Nd2 Bd7 14. Nc4 Bb5 15. Nb6 {1-0 (41) Vrban,M (2313)-Akots,G (2155) Hungary 2004}) 12. Nd2 {[%cal Bf3d2,Bd2b3,Bb3a5,Ba5c6][%mdl 32]} b5 13. axb5 axb5 14. Nb3 $1 Bf5 15. Bd2 Ra8 16. Rxa8 Qxa8 17. Bxb4 cxb4 18. Qf3 Qc8 19. Na5 Bf6 20. Kh2 Re8 21. Nc6 b3 22. cxb3 h6 23. Ra1 ({White should try} 23. Re1 $16) 23... e4 $1 $14 {[%cal Re4f3]} 24. dxe4 Bxe4 25. Qf4 Qf5 $2 {[%mdl 8192] [#]} (25... Bg5 $14 26. Qxd6 Qf5) 26. Re1 $1 $18 {[%cal Re1e4]} Be5 $2 (26... Qxf4 27. gxf4 Bxb2 28. Rxe4 Rxe4) 27. Rxe4 {Precision: White = 74%, Black = 22%.} 1-0

[Event "Australian-ch 2018"]
[Site "Sydney"]
[Date "2018.01.03"]
[Round "1"]
[White "Xie, George Wendi"]
[Black "Willathgamuwa, Kevin"]
[Result "1/2-1/2"]
[WhiteElo "2369"]
[BlackElo "2113"]
[Annotator "ChessBase"]
[PlyCount "139"]
[EventDate "2018.01.02"]
[EventType "tourn"]
[EventCountry "AUS"]
[SourceTitle "playchess.com"]
[Source "ChessBase"]
[SourceQuality "1"]
[TimeControl "40/5400+30:1800+30"]

1. Nf3 {[%emt 0:00:00]} d5 {[%emt 0:00:05]} 2. d4 {[%emt 0:00:00]} Nf6 {[%emt 0:00:06]} 3. c4 {[%emt 0:00:00]} e6 {[%emt 0:00:05]} 4. Nc3 {[%emt 0:00:00]} Be7 {[%emt 0:00:05]} 5. Bf4 {[%emt 0:00:00]} O-O {[%emt 0:00:08]} 6. e3 {[%emt 0:00:00]} b6 {[%emt 0:00:20]} 7. Rc1 {[%emt 0:01:42]} c6 {[%emt 0:02:59]} 8. cxd5 {[%emt 0:02:20]} cxd5 {[%emt 0:00:16]} 9. a3 {[%emt 0:00:05]} Bb7 {[%emt 0:01:27]} 10. Be2 {[%emt 0:00:37]} Nc6 {[%emt 0:00:11]} 11. h3 {[%emt 0:00:42]} Rc8 {[%emt 0:01:34]} 12. O-O {[%emt 0:00:30]} Na5 {[%emt 0:06:07]} 13. Nb5 {[%emt 0:10:03]} Rxc1 {[%emt 0:15:55]} 14. Qxc1 {[%emt 0:00:01]} a6 {[%emt 0:02:02]} 15. Bc7 {[%emt 0:04:11]} Qa8 {[%emt 0:00:55]} 16. Nd6 {[%emt 0:06:38]} Bxd6 {[%emt 0:02:13]} 17. Bxd6 {[%emt 0:00:21]} Rc8 {[%emt 0:00:19]} 18. Qb1 {[%emt 0:00:05]} Ne4 {[%emt 0:01:36]} 19. Bf4 {[%emt 0:00:06]} Nb3 {[%emt 0:01:22]} 20. Bd3 {[%emt 0:10:04]} a5 {[%emt 0:07:47]} 21. Rd1 {[%emt 0:03:51]} Ba6 {[%emt 0:08:21]} 22. a4 {[%emt 0:00:06]} Bxd3 {[%emt 0:05:58]} 23. Qxd3 {[%emt 0:00:08]} Nc1 {[%emt 0:00:30]} 24. Qf1 {[%emt 0:12:02]} Qc6 {[%emt 0:01:22]} 25. Ne5 {[%emt 0:00:21]} Qc2 {[%emt 0:00:59]} 26. f3 {[%emt 0:00:07]} Nd6 {[%emt 0:09:36]} 27. Kh2 {[%emt 0:01:44]} Ne2 {[%emt 0:04:08]} 28. Ng6 {[%emt 0:13:20]} Nf5 {[%emt 0:04:53]} 29. Re1 {[%emt 0:04:00]} hxg6 {[%emt 0:06:52]} 30. Qxe2 {[%emt 0:00:13]} Qxa4 {[%emt 0:00:24]} 31. Qa6 {[%emt 0:00:44]} Qc2 {[%emt 0:03:10]} 32. e4 {[%emt 0:03:06]} Nh4 {[%emt 0:02:40]} 33. Re2 {[%emt 0:00:09]} Qc4 {[%emt 0:00:56]} 34. Qxc4 {[%emt 0:00:07]} Rxc4 {[%emt 0:00:37]} 35. Bg5 {[%emt 0:02:03]} Nxf3+ {[%emt 0:00:28]} 36. gxf3 {[%emt 0:00:05]} Rxd4 {[%emt 0:00:08]} 37. Be3 {[%emt 0:02:33]} Rb4 {[%emt 0:00:48]} 38. exd5 {[%emt 0:00:24]} exd5 {[%emt 0:00:07]} 39. Rd2 {[%emt 0:00:13]} Rb3 {[%emt 0:00:40]} 40. Bd4 {[%emt 0:00:08]} Rxf3 {[%emt 0:30:38]} 41. Bxb6 {[%emt 0:30:04]} a4 {[%emt 0:01:11]} 42. Bc5 {[%emt 0:00:55]} d4 {[%emt 0:01:13]} 43. Kg2 {[%emt 0:01:48]} Rb3 {[%emt 0:00:32]} 44. Ba3 {[%emt 0:00:09]} d3 {[%emt 0:01:17]} 45. Kf3 {[%emt 0:00:27]} Kh7 {[%emt 0:02:08]} 46. Ke3 {[%emt 0:03:14]} Kh6 {[%emt 0:01:11]} 47. Rf2 {[%emt 0:13:39]} f5 {[%emt 0:03:34]} 48. Kd2 {[%emt 0:00:03]} Kg5 {[%emt 0:00:48]} 49. Rg2+ {[%emt 0:00:43]} Kh5 {[%emt 0:01:04]} 50. h4 {[%emt 0:00:06]} f4 {[%emt 0:03:14]} 51. Rg5+ {[%emt 0:01:10]} Kxh4 {[%emt 0:00:00]} 52. Rxg6 {[%emt 0:00:00]} Rb7 {[%emt 0:00:00]} 53. Kxd3 {[%emt 0:00:00]} Ra7 {[%emt 0:00:00]} 54. Ke4 {[%emt 0:00:00]} Kh5 {[%emt 0:00:00]} 55. Rg1 {[%emt 0:00:00]} g5 {[%emt 0:00:00]} 56. Bd6 {[%emt 0:00:00]} Ra5 {[%emt 0:00:00]} 57. Be5 {[%emt 0:00:00]} a3 {[%emt 0:00:00]} 58. b4 {[%emt 0:00:00]} Ra4 {[%emt 0:00:00]} 59. Kf5 {[%emt 0:00:00]} Kh4 {[%emt 0:00:00]} 60. b5 {[%emt 0:00:00]} Rb4 {[%emt 0:00:00]} 61. Ra1 {[%emt 0:00:00]} Rxb5 {[%emt 0:00:00]} 62. Rxa3 {[%emt 0:00:00]} Rc5 {[%emt 0:00:00]} 63. Ra1 {[%emt 0:00:00]} Kg3 {[%emt 0:00:00]} 64. Rg1+ {[%emt 0:00:00]} Kf2 {[%emt 0:00:00]} 65. Rxg5 {[%emt 0:00:00]} f3 {[%emt 0:00:25]} 66. Ke4 {[%emt 0:00:00]} Ke2 {[%emt 0:00:20]} 67. Rf5 {[%emt 0:00:00]} f2 {[%emt 0:01:00]} 68. Rxf2+ {[%emt 0:00:00]} Kxf2 {[%emt 0:00:06]} 69. Bd4+ {[%emt 0:00:00]} Ke2 {[%emt 0:00:07]} 70. Bxc5 1/2-1/2

[Event "Australian-ch 2018"]
[Site "Sydney"]
[Date "2018.01.03"]
[Round "1"]
[White "Kethro, Michael"]
[Black "Smirnov, Anton"]
[Result "0-1"]
[WhiteElo "2195"]
[BlackElo "2527"]
[Annotator "TA"]
[PlyCount "76"]
[EventDate "2018.01.02"]
[EventType "tourn"]
[EventCountry "AUS"]
[SourceTitle "playchess.com"]
[Source "ChessBase"]
[SourceQuality "1"]

{[%evp 23,76,0,5,1,19,4,5,-22,-23,-35,0,-12,0,0,0,-8,10,-21,-21,-21,-20,-29,-30,-25,-25,-25,-26,-24,-14,-25,-14,-37,-47,-56,-40,-70,-70,-108,-110,-101,-62,-162,-146,-180,-180,-242,-241,-221,-229,-272,-272,-448,-430,-661,-657]} 1. Nf3 d5 2. c4 e6 3. d4 Nf6 {[%cal Bg8f6,Bf6e4,Be4d2][%mdl 32]} 4. g3 Bb4+ 5. Bd2 Be7 6. Bg2 O-O 7. O-O Nbd7 8. Qc2 {E11: Bogo-Indian} Ne4 (8... c6 9. Bf4 b6 10. cxd5 cxd5 11. Rc1 Bb7 12. Qb3 Rc8 13. Rxc8 Qxc8 14. Nc3 Nh5 15. Bg5 Bxg5 16. Nxg5 Nhf6 17. e3 Qb8 18. Bf1 Rc8 {½-½ (56) So,W (2788)-Karjakin,S (2760) London 2017}) 9. Nc3 Nxd2 10. Nxd2 c6 11. e4 dxc4 12. Nxc4 Nb6 {LiveBook: 10 Games} 13. Nxb6 Qxb6 14. Rfd1 e5 15. dxe5 Bg4 16. Re1 $146 Qc5 17. h3 Bd7 18. Kh2 Qxe5 19. f4 Qh5 (19... Qc5 {is more complex.} 20. Rac1 Qb6 21. e5 g6 22. h4 Bf5) 20. Qe2 (20. e5 {looks sharper.} Bg4 21. Ne4 Rad8 22. Nf2 Be6 23. a3) 20... Qxe2 21. Rxe2 Rad8 22. Rd1 Be6 23. Red2 Rxd2 24. Rxd2 Rd8 25. Rxd8+ Bxd8 $11 {[%mdl 4096] Endgame KBB-KBN} 26. b3 f6 27. Bf1 Kf8 28. Kg2 Ke7 29. Kf3 Kd6 30. Ke3 {[#]} Kc5 $1 31. Kd3 b5 {[%cal Bb7b5,Bb5b4][%mdl 32]} 32. Nd1 (32. Ne2 $15) 32... a5 {[%cal Ba7a5,Ba5a4][%mdl 32]} 33. Kc3 {[#]} b4+ $1 34. Kd3 {[#]} (34. Kc2 $142) 34... a4 $1 $19 {[%mdl 512]} 35. Kc2 (35. bxa4 Bc4+) 35... Kd4 36. Bg2 a3 37. h4 $2 (37. Nf2) 37... c5 {[%cal Bc6c5,Bc5c4][%mdl 32]} 38. Bf3 (38. Bf1 $142 Kxe4 39. Be2) 38... c4 {Precision: White = 36%, Black = 78%.} 0-1

[Event "Australian-ch 2018"]
[Site "Sydney"]
[Date "2018.01.03"]
[Round "1"]
[White "Reilly, Tim"]
[Black "Illingworth, Max"]
[Result "0-1"]
[WhiteElo "2169"]
[BlackElo "2494"]
[Annotator "RC"]
[PlyCount "62"]
[EventDate "2018.01.02"]
[EventType "tourn"]
[EventCountry "AUS"]
[SourceTitle "playchess.com"]
[Source "ChessBase"]
[SourceQuality "1"]
[TimeControl "40/5400+30:1800+30"]

1. d4 {[%emt 0:00:00]} Nf6 {[%emt 0:00:06]} 2. c4 {[%emt 0:00:00]} e6 {[%emt 0:00:04]} 3. Nc3 {[%emt 0:00:04]} Bb4 {[%emt 0:00:06]} 4. e3 {[%emt 0:00:14]} O-O {[%emt 0:00:07]} 5. Bd3 {[%emt 0:00:08]} d5 {[%emt 0:00:04]} 6. cxd5 {[%emt 0:00:17]} exd5 {[%emt 0:00:04]} 7. Nge2 {[%emt 0:00:14]} Re8 {[%emt 0:00:04]} 8. Bd2 {[%emt 0:00:57]} Bd6 {[%emt 0:00:08]} 9. Rc1 {[%emt 0:00:35]} a6 {[%emt 0:00:05]} 10. Qb3 {[%emt 0:03:54]} c6 {[%emt 0:00:17]} 11. O-O {[%emt 0:04:16]} Nbd7 {[%emt 0:00:04]} 12. f3 {[%emt 0:02:59]} b5 {[%emt 0:02:28]} 13. Bb1 {[%emt 0:36:10]} Bb7 {[%emt 0:01:25]} 14. Qc2 {[%emt 0:12:53]} c5 {[%emt 0:02:03]} 15. dxc5 {[%emt 0:01:22]} Bxc5 {[%emt 0:00:17]} 16. Nd4 {[%emt 0:00:55]} Rc8 {[%emt 0:00:17]} 17. Qf5 {[%emt 0:02:20]} Ne5 {[%emt 0:04:13]} 18. b3 {[%emt 0:01:11]} Qb6 {[%emt 0:03:54]} 19. Nce2 {[%emt 0:01:44]} b4 {[%emt 0:00:51]} 20. g4 {[%emt 0:08:11]} Ng6 {[%emt 0:03:42]} 21. Kh1 {[%emt 0:09:44]} a5 {[%emt 0:00:34]} 22. g5 {[%emt 0:07:58]} Re5 {[%emt 0:00:35]} 23. Qh3 {[%emt 0:00:58]} Rxg5 {[%emt 0:00:45]} 24. f4 {[%emt 0:00:39]} Rh5 {[%emt 0:00:47]} 25. Qf3 {[%emt 0:00:44]} Nh4 {[%emt 0:03:44]} 26. Qg3 {[%emt 0:00:38]} Ne4 {[%emt 0:04:50]} 27. Bxe4 {[%emt 0:01:05]} dxe4 {[%emt 0:00:06]} 28. Rg1 {[%emt 0:01:51]} Qh6 {[%emt 0:02:19]} 29. f5 {[%emt 0:01:47]} Nxf5 {[%emt 0:04:11]} 30. Nxf5 {[%emt 0:00:39]} Rxf5 {[%emt 0:00:18]} 31. Nf4 {[%emt 0:00:30]} Rxf4 {[%emt 0:00:48]} 0-1

[Event "Australian-ch 2018"]
[Site "Sydney"]
[Date "2018.01.03"]
[Round "1"]
[White "Ferozkohi, Ihsan"]
[Black "Ly, Moulthun"]
[Result "0-1"]
[WhiteElo "2130"]
[BlackElo "2480"]
[Annotator "TA"]
[PlyCount "100"]
[EventDate "2018.01.02"]
[EventType "tourn"]
[EventCountry "AUS"]
[SourceTitle "playchess.com"]
[Source "ChessBase"]
[SourceQuality "1"]

{[%evp 16,100,10,10,23,0,9,3,38,34,42,37,52,48,53,44,51,16,18,17,16,16,16,-13,-20,-14,-12,-96,-89,-163,-131,-179,-170,-258,-235,-250,-227,-223,-223,-216,-225,-218,-215,-220,-228,-314,-242,-277,-225,-238,-231,-232,-238,-235,-222,-304,-292,-328,-270,-300,-271,-259,-179,-272,-256,-480,-478,-477,-443,-658,-580,-552,-538,-516,-526,-1413,-1333,-1362,-1278,-1039,-920,-1882,-1590,-12837,-11710,-29987,-29988]} 1. Nf3 c5 2. c4 Nf6 3. Nc3 b6 4. g3 Bb7 5. Bg2 g6 6. b3 Bg7 7. Bb2 O-O 8. O-O e6 9. d4 d6 {A30: Symmetrical English: Double Fianchetto and Hedgehog} (9... cxd4 10. Qxd4 Nc6 11. Qd2 Ne7 12. Rfd1 d5 13. cxd5 Nexd5 14. Rac1 Rc8 15. Nxd5 Qxd5 16. Qf4 Rxc1 17. Qxc1 {½-½ (27) Grischuk,A (2772)-Fedoseev,V (2718) Riadh 2017}) 10. dxc5 bxc5 11. Nb5 Ne8 {The position is equal.} 12. Bxg7 Kxg7 13. Qd2 a6 14. Nc3 Qe7 {[#]} 15. Rad1 $146 ({Predecessor:} 15. Rfd1 Nc6 16. a3 {1-0 (39) Romanishin,O (2595)-Hulak,K (2525) Soviet Union 1977}) 15... Nc6 16. Qg5 Nf6 17. Nh4 h6 18. Qd2 Rad8 19. f4 d5 20. cxd5 exd5 {[%cal Be6d5,Bd5d4][%mdl 32]} 21. h3 (21. Bxd5 $11 {keeps the balance.} Nb4 22. e4) 21... Rfe8 22. Bf3 (22. Bxd5 $17 Nd4 23. Bxb7 Qxb7 24. e4) 22... Nd4 23. Ng2 Bc6 24. Qb2 (24. Rc1 $142) 24... Nxf3+ $19 25. exf3 d4 26. Nb1 Qe6 27. Kh2 Bd7 28. g4 Nd5 29. Qf2 Qf6 30. Qg3 Re2 31. Rd2 Rde8 32. Rf2 R2e7 33. Rc2 Nb4 34. Rcd2 Bb5 35. a4 Bc6 36. Na3 Bd5 37. Nc4 Bxc4 38. bxc4 d3 39. f5 {[#]} (39. g5 $142 hxg5 40. Qxg5) 39... g5 $1 ({Less strong is} 39... gxf5 40. Nf4 $15) 40. f4 $2 (40. h4) 40... Re4 41. h4 Rxc4 42. Rxd3 (42. Rf3 $142) 42... Nxd3 43. Qxd3 Qd4 44. f6+ Kg8 45. Qg3 Rc3 46. Rf3 Rxf3 47. Qxf3 Qxf6 48. hxg5 hxg5 {[%cal Bh6g5,Bg5f4,Bf4f3][%mdl 32]} 49. Qd5 gxf4 50. Kh3 f3 {Precision: White = 22%, Black = 86%.} 0-1

[Event "Australian-ch 2018"]
[Site "Sydney"]
[Date "2018.01.03"]
[Round "1"]
[White "O'Chee, Kevin"]
[Black "Lane, Gary W"]
[Result "1-0"]
[WhiteElo "2120"]
[BlackElo "2401"]
[Annotator "ChessBase"]
[PlyCount "171"]
[EventDate "2018.01.02"]
[EventType "tourn"]
[EventCountry "AUS"]
[SourceTitle "playchess.com"]
[Source "ChessBase"]
[SourceQuality "1"]
[TimeControl "40/5400+30:1800+30"]

1. d4 {[%emt 0:00:03]} d5 {[%emt 0:00:16]} 2. Nf3 {[%emt 0:00:36]} Nf6 {[%emt 0:00:18]} 3. Bg5 {[%emt 0:00:23]} Ne4 {[%emt 0:01:03]} 4. Bf4 {[%emt 0:00:11]} c5 {[%emt 0:00:11]} 5. dxc5 {[%emt 0:01:15]} e6 {[%emt 0:03:00]} 6. Nbd2 {[%emt 0:01:19]} Nxc5 {[%emt 0:06:27]} 7. e3 {[%emt 0:01:31]} Nc6 {[%emt 0:00:33]} 8. Be2 {[%emt 0:00:35]} Be7 {[%emt 0:00:52]} 9. O-O {[%emt 0:01:06]} O-O {[%emt 0:00:05]} 10. Nb3 {[%emt 0:01:28]} Na4 {[%emt 0:08:06]} 11. Qc1 {[%emt 0:06:56]} Qb6 {[%emt 0:08:12]} 12. h3 {[%emt 0:01:37]} Bf6 {[%emt 0:01:20]} 13. c3 {[%emt 0:00:32]} e5 {[%emt 0:03:11]} 14. Bg3 {[%emt 0:00:59]} Be6 {[%emt 0:00:37]} 15. Rd1 {[%emt 0:03:19]} Rac8 {[%emt 0:02:27]} 16. Rd2 {[%emt 0:02:29]} d4 {[%emt 0:08:06]} 17. exd4 {[%emt 0:10:29]} exd4 {[%emt 0:03:10]} 18. Nbxd4 {[%emt 0:04:34]} Nxd4 {[%emt 0:06:53]} 19. Nxd4 {[%emt 0:00:46]} Bd5 {[%emt 0:00:19]} 20. Qc2 {[%emt 0:13:28]} Nc5 {[%emt 0:05:29]} 21. Bf3 {[%emt 0:01:29]} Rfd8 {[%emt 0:05:03]} 22. Bxd5 {[%emt 0:02:07]} Rxd5 {[%emt 0:00:06]} 23. Rad1 {[%emt 0:00:32]} g6 {[%emt 0:04:40]} 24. Nb3 {[%emt 0:02:15]} Rxd2 {[%emt 0:02:22]} 25. Rxd2 {[%emt 0:04:26]} Ne6 {[%emt 0:00:08]} 26. Rd6 {[%emt 0:05:09]} Qb5 {[%emt 0:00:15]} 27. Qe4 {[%emt 0:01:04]} Re8 {[%emt 0:03:00]} 28. Qd5 {[%emt 0:05:43]} Qe2 {[%emt 0:01:41]} 29. Qd2 {[%emt 0:03:53]} Qb5 {[%emt 0:02:09]} 30. Rd7 {[%emt 0:03:20]} Ng5 {[%emt 0:10:42]} 31. Rd5 {[%emt 0:02:42]} Re1+ {[%emt 0:00:08]} 32. Qxe1 {[%emt 0:00:47]} Qxd5 {[%emt 0:00:08]} 33. Qd2 {[%emt 0:01:12]} Qf5 {[%emt 0:01:57]} 34. Kh2 {[%emt 0:07:34]} h5 {[%emt 0:00:08]} 35. Nd4 {[%emt 0:03:02]} Qd5 {[%emt 0:03:50]} 36. Bf4 {[%emt 0:00:32]} Ne4 {[%emt 0:03:57]} 37. Qe3 {[%emt 0:00:13]} g5 {[%emt 0:02:01]} 38. Bb8 {[%emt 0:00:28]} a6 {[%emt 0:00:22]} 39. f3 {[%emt 0:01:14]} Nc5 {[%emt 0:01:36]} 40. a3 h4 {[%emt 0:31:40]} 41. f4 {[%emt 0:35:13]} Nd7 {[%emt 0:00:00]} 42. Bc7 {[%emt 0:00:00]} Nf8 {[%emt 0:00:00]} 43. Qf3 {[%emt 0:00:00]} Qd7 {[%emt 0:00:00]} 44. Be5 {[%emt 0:00:00]} Bd8 {[%emt 0:00:00]} 45. fxg5 {[%emt 0:00:00]} Bxg5 {[%emt 0:00:00]} 46. Qf5 {[%emt 0:00:00]} f6 {[%emt 0:00:00]} 47. Qxd7 {[%emt 0:00:00]} Nxd7 {[%emt 0:00:00]} 48. Bd6 {[%emt 0:00:00]} Bc1 {[%emt 0:00:00]} 49. b3 {[%emt 0:00:00]} Bb2 {[%emt 0:00:00]} 50. Nf5 {[%emt 0:00:00]} Kf7 {[%emt 0:00:00]} 51. Nxh4 {[%emt 0:00:00]} Ke6 {[%emt 0:00:00]} 52. Bf4 {[%emt 0:00:00]} Bxc3 {[%emt 0:00:00]} 53. Be3 {[%emt 0:00:00]} f5 {[%emt 0:00:49]} 54. Nf3 {[%emt 0:00:00]} Bb2 {[%emt 0:00:39]} 55. a4 {[%emt 0:00:00]} Kd5 {[%emt 0:00:41]} 56. Kg3 {[%emt 0:00:00]} Ke4 {[%emt 0:01:23]} 57. Kf2 {[%emt 0:02:33]} f4 {[%emt 0:00:56]} 58. Nd2+ {[%emt 0:00:18]} Kf5 {[%emt 0:01:11]} 59. Ba7 {[%emt 0:00:16]} b6 {[%emt 0:00:56]} 60. Nc4 {[%emt 0:00:21]} Bd4+ {[%emt 0:00:06]} 61. Kf3 {[%emt 0:00:13]} Bc5 {[%emt 0:01:02]} 62. a5 {[%emt 0:02:44]} b5 {[%emt 0:00:04]} 63. Bxc5 {[%emt 0:00:15]} bxc4 {[%emt 0:00:05]} 64. b4 {[%emt 0:00:36]} c3 {[%emt 0:01:42]} 65. Bd4 {[%emt 0:01:40]} c2 {[%emt 0:01:11]} 66. Bb2 {[%emt 0:00:05]} Ne5+ {[%emt 0:01:17]} 67. Ke2 {[%emt 0:00:09]} Nc6 {[%emt 0:00:05]} 68. b5 {[%emt 0:03:20]} axb5 {[%emt 0:00:38]} 69. a6 {[%emt 0:00:08]} Ke4 {[%emt 0:00:19]} 70. Kd2 {[%emt 0:00:32]} f3 {[%emt 0:00:17]} 71. gxf3+ {[%emt 0:00:29]} Kxf3 {[%emt 0:00:02]} 72. Bc3 {[%emt 0:01:56]} Kg3 {[%emt 0:02:01]} 73. Kxc2 {[%emt 0:00:09]} Kxh3 {[%emt 0:00:04]} 74. Kd3 {[%emt 0:00:14]} b4 {[%emt 0:00:58]} 75. Bb2 {[%emt 0:00:43]} Kg4 {[%emt 0:00:25]} 76. Kc4 {[%emt 0:00:52]} Kf5 {[%emt 0:00:12]} 77. Kc5 {[%emt 0:00:12]} Na7 {[%emt 0:00:36]} 78. Kxb4 {[%emt 0:00:10]} Ke6 {[%emt 0:00:25]} 79. Kc5 {[%emt 0:00:07]} Kd7 {[%emt 0:00:47]} 80. Be5 {[%emt 0:00:40]} Nc8 {[%emt 0:01:12]} 81. Bb8 {[%emt 0:00:23]} Ke8 {[%emt 0:01:41]} 82. Kc6 {[%emt 0:00:24]} Kd8 {[%emt 0:00:04]} 83. Kb7 {[%emt 0:00:37]} Kd7 {[%emt 0:00:04]} 84. Be5 {[%emt 0:01:34]} Kd8 {[%emt 0:00:11]} 85. Bf6+ {[%emt 0:00:43]} Kd7 {[%emt 0:00:02]} 86. Be7 {[%emt 0:00:15]} 1-0